[Event "Berlin Lichtenberger op 15th"]
[Site "Berlin"]
[Date "2016.08.15"]
[Round "3"]
[White "Silz, Elisa"]
[Black "Radjenovic, Branko"]
[Result "1-0"]
[WhiteElo "1973"]
[BlackElo "1802"]
[PlyCount "113"]
[EventDate "2016.08.13"]
[EventType "swiss"]
[EventRounds "9"]
[EventCountry "GER"]
[SourceTitle "CBM 173 Extra"]
[Source "ChessBase"]
[SourceDate "2016.08.29"]
[SourceVersion "1"]
[SourceVersionDate "2016.08.29"]
[SourceQuality "1"]

1. d4 Nf6 2. Nf3 g6 3. c4 Bg7 4. Nc3 d6 5. e4 0-0 6. Be2 e5 7. 0-0 Nc6 8. d5 Ne7 9. Ne1 Ne8 10. Nd3 f5 11. Bd2 f4 12. Bg4 Nf6 13. Bxc8 Rxc8 14. f3 g5 15. h3 h5 16. Nf2 Kf7 17. Qc2 Bh6 18. Rfc1 Rg8 19. Qd1 Qd7 20. Qa4 Qxa4 21. Nxa4 g4 22. Rc3 Rg6 23. Kh1 Rcg8 24. Rg1 Bf8 25. b4 R6g7 26. c5 gxf3 27. Rxf3 Ng6 28. cxd6 cxd6 29. Rc3 Ne8 30. g4 Nh4 31. b5 Be7 32. Be1 Rg6 33. b6 a6 34. Nb2 Bd8 35. Nc4 R8g7 36. a4 Kf8 37. a5 Rg5 38. Nd2 R5g6 39. Rc8 Rd7 40. Nd3 Be7 41. Bxh4 Bxh4 42. Nf3 Bg3 43. Nfxe5 dxe5 44. Nxe5 Rgd6 45. Nxd7+ Rxd7 46. gxh5 Re7 47. d6 Rd7 48. e5 Kf7 49. Rgc1 f3 50. e6+ Kxe6 51. Rxe8+ Kf5 52. Rd1 Kg5 53. Re7 Rxd6 54. Rxd6 Bxd6 55. Rxb7 Kh4 56. h6 Kxh3 57. Kg1 1-0

[Event "Berlin-ch Seniors op 32nd"]
[Site "Berlin"]
[Date "2016.02.01"]
[Round "6"]
[White "Radjenovic, Branko"]
[Black "Mayer, Herbert"]
[Result "1/2-1/2"]
[WhiteElo "1822"]
[BlackElo "1965"]
[PlyCount "109"]
[EventDate "2016.01.26"]
[EventType "swiss"]
[EventRounds "9"]
[EventCountry "GER"]
[SourceTitle "EXT 2019"]
[Source "ChessBase"]
[SourceDate "2018.10.10"]
[SourceVersion "1"]
[SourceVersionDate "2018.10.10"]
[SourceQuality "1"]

1. d4 d5 2. Nf3 Nf6 3. e3 g6 4. Nbd2 Bg7 5. Bd3 0-0 6. 0-0 Nbd7 7. Qe2 c5 8. c3 c4 9. Bc2 b5 10. a4 bxa4 11. Rxa4 Nb6 12. Ra3 Qc7 13. e4 dxe4 14. Nxe4 Bb7 15. Ne5 e6 16. Nxf6+ Bxf6 17. Bf4 Qc8 18. Rfa1 a6 19. Ng4 Be7 20. R3a2 Nd5 21. Bh6 Rd8 22. Bd2 Qc7 23. Ne5 Nb6 24. Bf4 Bd6 25. Bg3 Qc8 26. Bh4 Re8 27. Ba4 Nxa4 28. Rxa4 Bxe5 29. Qxe5 Qc6 30. f3 Qd5 31. Bf6 Qxe5 32. Bxe5 Rec8 33. Kf2 f5 34. Bd6 Kf7 35. Bc5 e5 36. Rxc4 Bc6 37. Rb4 exd4 38. Bxd4 Bb5 39. Re1 Rc4 40. Rxc4 Bxc4 41. b4 Rb8 42. Bc5 Rb7 43. Rd1 Bb5 44. Ke3 Rc7 45. Bd4 Re7+ 46. Kf2 Re2+ 47. Kg3 g5 48. h3 h5 49. Kh2 Bc6 50. Rf1 Ke6 51. Rf2 Re1 52. f4 g4 53. h4 Bb5 54. Ra2 Re2 55. Ra1 1/2-1/2

[Event "Berlin Lichtenberger op 11th"]
[Site "Berlin"]
[Date "2012.08.25"]
[Round "8"]
[White "Radjenovic, Branko"]
[Black "Schmidt, Juergen"]
[Result "0-1"]
[WhiteElo "1845"]
[BlackElo "2055"]
[PlyCount "46"]
[EventDate "2012.08.18"]
[EventType "swiss"]
[EventRounds "9"]
[EventCountry "GER"]
[SourceTitle "CBM 150 Extra"]
[Source "ChessBase"]
[SourceDate "2012.10.19"]
[SourceVersion "1"]
[SourceVersionDate "2012.10.19"]
[SourceQuality "1"]

1. d4 d5 2. Nf3 Nf6 3. c4 c6 4. e3 e6 5. Nc3 Nbd7 6. Bd3 dxc4 7. Bxc4 b5 8. Bd3 Bb7 9. 0-0 a6 10. Qe2 c5 11. e4 cxd4 12. Nxd4 b4 13. Na4 Ne5 14. Rd1 Nxd3 15. Rxd3 Bxe4 16. Rd1 Qa5 17. b3 Be7 18. Be3 0-0 19. Rac1 Rac8 20. Rc4 Rxc4 21. Qxc4 Ng4 22. Bd2 Qh5 23. f3 Qxh2+ 0-1

[Event "Berlin Lichtenberger op 11th"]
[Site "Berlin"]
[Date "2012.08.18"]
[Round "1"]
[White "Reichenbach, Werner"]
[Black "Radjenovic, Branko"]
[Result "1-0"]
[WhiteElo "2283"]
[BlackElo "1845"]
[PlyCount "35"]
[EventDate "2012.08.18"]
[EventType "swiss"]
[EventRounds "9"]
[EventCountry "GER"]
[SourceTitle "CBM 150 Extra"]
[Source "ChessBase"]
[SourceDate "2012.10.19"]
[SourceVersion "1"]
[SourceVersionDate "2012.10.19"]
[SourceQuality "1"]

1. e4 g6 2. d4 Bg7 3. Nc3 d6 4. f4 Nf6 5. Nf3 c5 6. dxc5 Qa5 7. Bd3 Qxc5 8. Qe2 0-0 9. Be3 Qb4 10. 0-0 Nc6 11. a3 Qa5 12. Rad1 Ng4 13. Bd2 Nd4 14. Nxd4 Qc5 15. Nd5 Qxd4+ 16. Kh1 Bf6 17. Bc3 Qa4 18. Bb5 1-0

[Event "Berlin-ch Seniors op 26th"]
[Site "Berlin"]
[Date "2010.02.12"]
[Round "4"]
[White "Shapiro, Yosip"]
[Black "Radjenovic, Branko"]
[Result "0-1"]
[WhiteElo "2003"]
[BlackElo "1732"]
[PlyCount "82"]
[EventDate "2010.02.09"]
[EventType "swiss"]
[EventRounds "9"]
[EventCountry "GER"]
[SourceTitle "EXT 2012"]
[Source "ChessBase"]
[SourceDate "2011.11.24"]
[SourceVersion "1"]
[SourceVersionDate "2011.11.24"]
[SourceQuality "1"]

1. Nf3 Nf6 2. c4 g6 3. g3 Bg7 4. Bg2 d6 5. d4 0-0 6. 0-0 Nbd7 7. Nc3 e5 8. e4 Re8 9. Be3 Ng4 10. Bg5 f6 11. Bc1 c6 12. h3 Nh6 13. Be3 Qe7 14. Qd2 Nf7 15. d5 c5 16. Nb5 Nf8 17. b4 b6 18. a4 a6 19. Nc3 cxb4 20. Na2 a5 21. Bxb6 Nd7 22. Be3 Ba6 23. Rfc1 Rec8 24. Bf1 Nc5 25. Bxc5 Rxc5 26. Qb2 Rac8 27. Nd2 Bh6 28. Nb3 Bxc1 29. Naxc1 Bxc4 30. Nxc5 Bxf1 31. Kxf1 dxc5 32. Nb3 Qa7 33. Rc1 c4 34. Qe2 Nd6 35. Nd2 Qd4 36. f3 b3 37. Rd1 Qc3 38. Nb1 Qb4 39. Rc1 c3 40. Qd3 c2 41. Nd2 Rc3 0-1

[Event "Berlin Lichtenrade op 05th"]
[Site "Berlin"]
[Date "2009.10.17"]
[Round "1"]
[White "Radovanovic, Jovica"]
[Black "Radjenovic, Branko"]
[Result "1-0"]
[WhiteElo "2360"]
[BlackElo "1861"]
[PlyCount "47"]
[EventDate "2009.10.11"]
[EventType "swiss"]
[EventRounds "9"]
[EventCountry "GER"]
[SourceTitle "EXT 2010"]
[Source "ChessBase"]
[SourceDate "2010.11.25"]
[SourceVersion "1"]
[SourceVersionDate "2010.11.25"]
[SourceQuality "1"]

1. Nf3 Nf6 2. g3 g6 3. c4 Bg7 4. Nc3 d6 5. Bg2 0-0 6. 0-0 Nc6 7. d4 e5 8. d5 Ne7 9. e4 Ne8 10. Ne1 f5 11. Nd3 Nf6 12. Bg5 h6 13. Bxf6 Bxf6 14. f4 exf4 15. Nxf4 Be5 16. exf5 Bxf4 17. Rxf4 Bxf5 18. Qd4 g5 19. Rf2 Ng6 20. Raf1 Qd7 21. c5 Ne5 22. c6 bxc6 23. dxc6 Qg7 24. Qd5+ 1-0

[Event "Berlin Lichtenberger op 7th"]
[Site "Berlin"]
[Date "2008.08.16"]
[Round "1"]
[White "Rohde, Wolfgang"]
[Black "Radjenovic, Branko"]
[Result "1-0"]
[WhiteElo "2198"]
[BlackElo "1903"]
[PlyCount "69"]
[EventDate "2008.08.16"]
[EventType "swiss"]
[EventRounds "9"]
[EventCountry "GER"]
[SourceTitle "CBM 126 Extra"]
[Source "ChessBase"]
[SourceDate "2008.11.05"]
[SourceVersion "1"]
[SourceVersionDate "2008.11.05"]
[SourceQuality "1"]

1. c4 Nf6 2. Nc3 g6 3. e4 d6 4. d4 Bg7 5. Nf3 0-0 6. Be2 c5 7. 0-0 cxd4 8. Nxd4 Nc6 9. Be3 Bd7 10. Rc1 a6 11. Qd2 Rc8 12. f3 Qc7 13. Nd5 Qd8 14. Nb3 Nxd5 15. cxd5 Ne5 16. Qb4 Rxc1 17. Rxc1 Bc8 18. Na5 b5 19. a4 bxa4 20. Qxa4 f5 21. exf5 gxf5 22. Nc6 Nxc6 23. dxc6 e5 24. Bxa6 f4 25. Bf2 d5 26. b4 e4 27. fxe4 dxe4 28. Bxc8 Qxc8 29. b5 e3 30. Be1 Qg4 31. c7 Be5 32. Qc4+ Kg7 33. c8Q Qg5 34. Qxf8+ Kxf8 35. Qe6 1-0

[Event "Berlin Kreuzberg op 3th"]
[Site "Berlin"]
[Date "2002.07.13"]
[Round "8"]
[White "Semme, Lothar"]
[Black "Radjenovic, Branko"]
[Result "1-0"]
[WhiteElo "1560"]
[BlackElo "1781"]
[PlyCount "109"]
[EventDate "2002.07.06"]
[EventType "swiss"]
[EventRounds "9"]
[EventCountry "GER"]
[SourceTitle "EXT 2022"]
[Source "ChessBase"]
[SourceDate "2021.10.06"]
[SourceVersion "1"]
[SourceVersionDate "2021.10.06"]
[SourceQuality "1"]

1. d4 Nf6 2. Nf3 g6 3. Bg5 Bg7 4. Qd2 Ne4 5. Qf4 Nxg5 6. Nxg5 0-0 7. c3 d6 8. e4 e5 9. dxe5 dxe5 10. Qe3 Qe7 11. Bc4 h6 12. Nf3 Be6 13. Na3 Rd8 14. 0-0 c6 15. Rfd1 Nd7 16. Rd2 Nb6 17. Bxe6 Qxe6 18. b3 Rxd2 19. Qxd2 Qe7 20. Nc2 Rd8 21. Qe2 Qd6 22. Ne3 Qc5 23. Rc1 a5 24. h3 Na8 25. Rd1 Rf8 26. Nc4 b5 27. Nxa5 Qxc3 28. Qd2 Qxd2 29. Rxd2 Rc8 30. Rd6 c5 31. Rc6 Rxc6 32. Nxc6 f6 33. Ne7+ Kf7 34. Nd5 Ke6 35. Nh4 Kf7 36. Nf3 f5 37. Nd2 Ke6 38. f3 h5 39. Nb1 Bf8 40. Nbc3 b4 41. Nd1 Bd6 42. N1e3 Nc7 43. Nxc7+ Bxc7 44. Kf2 Bd8 45. Ke2 Bg5 46. Nc4 Bf4 47. Kd3 Bg3 48. Nb2 Bf2 49. Kc4 Bd4 50. Na4 f4 51. Nxc5+ Bxc5 52. Kxc5 g5 53. Kxb4 g4 54. Kc5 Kf6 55. h4 1-0

[Event "Berlin Kreuzberg op 3th"]
[Site "Berlin"]
[Date "2002.07.12"]
[Round "6"]
[White "Shapiro, Yosip"]
[Black "Radjenovic, Branko"]
[Result "1-0"]
[WhiteElo "2010"]
[BlackElo "1781"]
[PlyCount "81"]
[EventDate "2002.07.06"]
[EventType "swiss"]
[EventRounds "9"]
[EventCountry "GER"]
[SourceTitle "EXT 2022"]
[Source "ChessBase"]
[SourceDate "2021.10.06"]
[SourceVersion "1"]
[SourceVersionDate "2021.10.06"]
[SourceQuality "1"]

1. e4 e6 2. d4 d5 3. e5 c5 4. c3 Nc6 5. Nf3 Qc7 6. Bd3 cxd4 7. cxd4 Nge7 8. Nc3 a6 9. 0-0 Bd7 10. Be3 Ng6 11. h4 h5 12. Bxg6 fxg6 13. Qd3 Ne7 14. Bg5 Nf5 15. Rfc1 Qb6 16. Ne2 Be7 17. Bxe7 Nxe7 18. Nf4 Nf5 19. Nxg6 Kf7 20. Nf4 g6 21. Ng5+ Kg7 22. Rc7 Rhd8 23. Ngxe6+ Kh6 24. Qd2 Kh7 25. Nf8+ Rxf8 26. Rxd7+ Kg8 27. Nxd5 Qe6 28. Ne7+ Nxe7 29. Rxb7 Rf7 30. Rc1 Nd5 31. Rxf7 Qxf7 32. Rc6 Kg7 33. Qa5 Rf8 34. f3 Kh6 35. Qd2+ Kg7 36. Rxa6 Rc8 37. Rd6 Ne7 38. Qg5 Rc7 39. Qf6+ Qxf6 40. exf6+ Kf7 41. fxe7 1-0

[Event "Berlin Kreuzberg op 3th"]
[Site "Berlin"]
[Date "2002.07.09"]
[Round "4"]
[White "Berger, Gerd Helmar"]
[Black "Radjenovic, Branko"]
[Result "0-1"]
[WhiteElo "2051"]
[BlackElo "1781"]
[PlyCount "162"]
[EventDate "2002.07.06"]
[EventType "swiss"]
[EventRounds "9"]
[EventCountry "GER"]
[SourceTitle "EXT 2022"]
[Source "ChessBase"]
[SourceDate "2021.10.06"]
[SourceVersion "1"]
[SourceVersionDate "2021.10.06"]
[SourceQuality "1"]

1. d3 Nf6 2. Bg5 e5 3. e3 Be7 4. Be2 d5 5. Nf3 Nbd7 6. 0-0 0-0 7. d4 e4 8. Nfd2 Ne8 9. Bxe7 Qxe7 10. c4 c6 11. Nc3 Nc7 12. Qc2 f5 13. cxd5 Nxd5 14. Bc4 N7b6 15. Bb3 Kh8 16. Bxd5 cxd5 17. a4 Be6 18. a5 Nd7 19. Ne2 Nf6 20. Nf4 Bf7 21. Ra3 g5 22. Nh3 Nh5 23. Rc1 Rad8 24. Qc7 Rd7 25. Qc5 h6 26. Qxe7 Rxe7 27. g3 Be6 28. f4 exf3 29. Nxf3 f4 30. Ne5 Kg7 31. g4 Nf6 32. exf4 Nxg4 33. Nxg4 Bxg4 34. fxg5 h5 35. Nf2 Rf4 36. h3 Bf5 37. Rac3 Re2 38. Nh1 Be4 39. Rg3 Rxb2 40. g6 Rb1 41. Rxb1 Bxb1 42. Rb3 Bxg6 43. Rxb7+ Rf7 44. Rb5 Rd7 45. Ng3 h4 46. Nh1 Kf6 47. Nf2 Bf5 48. Kh2 Kg5 49. Nd1 Kf4 50. Nc3 Be4 51. a6 Rd6 52. Ra5 Ke3 53. Nb5 Rc6 54. Ra3+ Kf4 55. Kg1 Rg6+ 56. Kf2 Rg3 57. Ra5 Rf3+ 58. Ke1 Ke3 59. Nc3 Kxd4 60. Ne2+ Ke5 61. Ng1 Rb3 62. Kf2 Rb2+ 63. Ke3 Rb3+ 64. Kf2 Rg3 65. Rc5 Rg2+ 66. Kf1 Ra2 67. Rc6 Bd3+ 68. Ke1 Bxa6 69. Nf3+ Kf4 70. Nxh4 Kg3 71. Nf5+ Kxh3 72. Rh6+ Kg4 73. Ne3+ Kg5 74. Re6 Re2+ 75. Kd1 Bc4 76. Re7 Ra2 77. Nxd5 a5 78. Re5+ Kg6 79. Nc3 Bb3+ 80. Kc1 Rc2+ 81. Kb1 Rxc3 0-1

[Event "Berlin Kreuzberg op 3th"]
[Site "Berlin"]
[Date "2002.07.07"]
[Round "2"]
[White "Koenig, Frank"]
[Black "Radjenovic, Branko"]
[Result "1-0"]
[WhiteElo "2020"]
[BlackElo "1781"]
[PlyCount "81"]
[EventDate "2002.07.06"]
[EventType "swiss"]
[EventRounds "9"]
[EventCountry "GER"]
[SourceTitle "EXT 2022"]
[Source "ChessBase"]
[SourceDate "2021.10.06"]
[SourceVersion "1"]
[SourceVersionDate "2021.10.06"]
[SourceQuality "1"]

1. Nf3 Nf6 2. g3 g6 3. Bg2 Bg7 4. 0-0 0-0 5. d4 c6 6. c4 d6 7. Nc3 Na6 8. h3 Re8 9. e4 Qc7 10. e5 Nd7 11. Re1 dxe5 12. Nxe5 Nb4 13. Ng4 Nf6 14. Nxf6+ Bxf6 15. a3 Na6 16. d5 Bd7 17. Bf4 Qc8 18. Kh2 c5 19. Be5 Bxe5 20. Rxe5 Rb8 21. Qe2 e6 22. Ne4 Qd8 23. Qf3 f5 24. Nc3 Qf6 25. Rae1 Kf7 26. Qe3 exd5 27. Bxd5+ Kg7 28. f4 Kf8 29. b4 cxb4 30. axb4 Rxe5 31. fxe5 Qb6 32. Qh6+ Ke8 33. Re2 Qxb4 34. e6 Bc6 35. e7 Kd7 36. Bf7 Nc7 37. Qe3 Ne8 38. c5 Be4 39. Qf4 Kxe7 40. Nd5+ Kxf7 41. Nxb4 1-0